[Event "El Salvador Prokuriza Cup"]
[Site "El Salvador"]
[Date "2017.06.26"]
[Round "7"]
[White "Arias Flores, Eladio"]
[Black "Lenoir Ibacache, Gabriel Alberto"]
[Result "0-1"]
[WhiteElo "2034"]
[BlackElo "2239"]
[PlyCount "96"]
[EventDate "2017.06.23"]
[EventType "tourn"]
[EventRounds "7"]
[EventCountry "CHI"]
[SourceTitle "CBM 179 Extra"]
[Source "ChessBase"]
[SourceDate "2017.08.23"]
[SourceVersion "1"]
[SourceVersionDate "2017.08.23"]
[SourceQuality "1"]

1. f4 Nf6 2. Nf3 d6 3. b3 g6 4. Bb2 Bg7 5. e3 0-0 6. Bd3 Nbd7 7. 0-0 e5 8. Nc3 Re8 9. fxe5 dxe5 10. Ng5 h6 11. Nge4 Nxe4 12. Nxe4 f5 13. Bc4+ Kh7 14. Nf2 Nb6 15. Bd3 Bd7 16. c4 c5 17. e4 f4 18. Be2 h5 19. Kh1 Qh4 20. Rc1 Rf8 21. Rc3 Rf7 22. Qe1 Be6 23. Rd3 Nd7 24. Rd6 Qe7 25. Rd3 Bh6 26. Nh3 Rg7 27. Ng1 Bg5 28. Qa1 Bf6 29. Nf3 Bg4 30. Qd1 g5 31. Ng1 Bxe2 32. Qxe2 g4 33. Rd5 Nb8 34. Qd3 Nc6 35. Rxf4 Nb4 36. Qb1 Nxd5 37. exd5+ Kg8 38. Rf5 Rf8 39. Qe4 Rg5 40. Rxg5+ Bxg5 41. Qg6+ Qg7 42. Qe6+ Qf7 43. Qd6 b6 44. Bxe5 Bf6 45. Bxf6 Qxf6 46. Qxf6 Rxf6 47. g3 Rf2 48. d3 Rxa2 0-1

[Event "El Salvador Prokuriza Cup"]
[Site "El Salvador"]
[Date "2017.06.26"]
[Round "6"]
[White "Perez Gormaz, Matias Ariel"]
[Black "Arias Flores, Eladio"]
[Result "1-0"]
[WhiteElo "2379"]
[BlackElo "2034"]
[PlyCount "69"]
[EventDate "2017.06.23"]
[EventType "tourn"]
[EventRounds "7"]
[EventCountry "CHI"]
[SourceTitle "CBM 179 Extra"]
[Source "ChessBase"]
[SourceDate "2017.08.23"]
[SourceVersion "1"]
[SourceVersionDate "2017.08.23"]
[SourceQuality "1"]

1. e4 e5 2. Bc4 Nf6 3. d3 c6 4. Nf3 Be7 5. 0-0 d6 6. Re1 0-0 7. a4 a5 8. c3 Nbd7 9. Nbd2 Qc7 10. Nf1 Nc5 11. Be3 d5 12. exd5 cxd5 13. Ba2 e4 14. dxe4 dxe4 15. Nd4 Nd3 16. Re2 Bg4 17. f3 Bh5 18. Ng3 Bd6 19. Nb5 Qc6 20. Nxh5 Bxh2+ 21. Kxh2 Nxh5 22. Rd2 Qf6 23. fxe4 Qh4+ 24. Kg1 Ng3 25. Rxd3 Qh1+ 26. Kf2 Nxe4+ 27. Kf3 Qh5+ 28. g4 Qh3+ 29. Kxe4 Qg2+ 30. Kf4 g5+ 31. Kxg5 h6+ 32. Kf4 Rae8 33. Qf3 Qh2+ 34. Qg3 Re4+ 35. Kf3 1-0

[Event "Antofagasta Zicosur op 3rd"]
[Site "Antofagasta"]
[Date "2017.01.11"]
[Round "2"]
[White "Rodriguez Vila, Andres"]
[Black "Arias Flores, Eladio"]
[Result "1-0"]
[WhiteElo "2468"]
[BlackElo "2072"]
[PlyCount "47"]
[EventDate "2017.01.10"]
[EventType "swiss"]
[EventRounds "9"]
[EventCountry "CHI"]
[SourceTitle "CBM 176 Extra"]
[Source "ChessBase"]
[SourceDate "2017.03.02"]
[SourceVersion "1"]
[SourceVersionDate "2017.03.02"]
[SourceQuality "1"]

1. e4 g6 2. h4 h5 3. Nf3 Bg7 4. d4 d6 5. c3 Nf6 6. Ng5 c6 7. f3 Qc7 8. Be3 e6 9. Nd2 Nbd7 10. Qc2 a5 11. Bd3 e5 12. a4 Nf8 13. dxe5 dxe5 14. Bc4 Ne6 15. Bxe6 Bxe6 16. Nxe6 fxe6 17. Qb3 Kf7 18. Nc4 Nd7 19. 0-0-0 b5 20. axb5 cxb5 21. Nd6+ Ke7 22. Nxb5 Qb8 23. Bg5+ Ke8 24. Qxe6+ 1-0

[Event "Antofagasta Zicosur op 1st"]
[Site "Antofagasta"]
[Date "2015.01.09"]
[Round "8"]
[White "Arias Flores, Eladio"]
[Black "Terrazas Alarcon, German Alfred"]
[Result "1-0"]
[WhiteElo "2120"]
[BlackElo "1981"]
[PlyCount "115"]
[EventDate "2015.01.05"]
[EventType "swiss"]
[EventRounds "10"]
[EventCountry "CHI"]
[SourceTitle "CBM 164 Extra"]
[Source "ChessBase"]
[SourceDate "2015.03.02"]
[SourceVersion "1"]
[SourceVersionDate "2015.03.02"]
[SourceQuality "1"]

1. e4 e5 2. Nf3 Nc6 3. d4 exd4 4. Bc4 d6 5. c3 d3 6. Qxd3 Nf6 7. 0-0 Be7 8. Bf4 0-0 9. Bb3 Nd7 10. Qe2 Bf6 11. Nbd2 Re8 12. Rad1 Nf8 13. Rfe1 Ng6 14. Bg3 Be6 15. Qb5 Qc8 16. Nf1 a6 17. Bxe6 axb5 18. Bxc8 Raxc8 19. a3 Nce5 20. Nxe5 Nxe5 21. Bxe5 Bxe5 22. g3 g5 23. Ne3 c6 24. Kg2 Re6 25. f3 h5 26. Nf5 Rd8 27. Re2 Bg7 28. Red2 Bf8 29. Nd4 Re5 30. Re2 Rde8 31. Rde1 Bh6 32. Nf5 R5e6 33. f4 gxf4 34. Nxh6+ Rxh6 35. gxf4 Rhe6 36. Kf3 Kg7 37. Rg1+ Rg6 38. Reg2 Kf6 39. Rg5 Rh6 40. Rg8 Rh8 41. R8g5 Rh6 42. Rf5+ Ke6 43. Rfg5 Kf6 44. Rd1 Ke6 45. Ke3 Ra8 46. e5 d5 47. Kd4 Ra4+ 48. b4 Rxa3 49. f5+ Ke7 50. Rg7 Ra2 51. e6 Rf6 52. Rf1 Rxh2 53. Rh7 Kf8 54. Re1 fxe6 55. fxe6 Rf4+ 56. Ke5 Re4+ 57. Rxe4 dxe4 58. e7+ 1-0

[Event "Antofagasta Zicosur op 1st"]
[Site "Antofagasta"]
[Date "2015.01.05"]
[Round "1"]
[White "Zambrana, Oswaldo"]
[Black "Arias Flores, Eladio"]
[Result "1-0"]
[WhiteElo "2465"]
[BlackElo "2120"]
[PlyCount "51"]
[EventDate "2015.01.05"]
[EventType "swiss"]
[EventRounds "10"]
[EventCountry "CHI"]
[SourceTitle "CBM 164 Extra"]
[Source "ChessBase"]
[SourceDate "2015.03.02"]
[SourceVersion "1"]
[SourceVersionDate "2015.03.02"]
[SourceQuality "1"]

1. e4 e5 2. Nf3 Nc6 3. Bc4 d6 4. 0-0 Be7 5. d4 Nxd4 6. Nxd4 exd4 7. Qh5 g6 8. Qd5 Be6 9. Qxb7 c5 10. Na3 Qc8 11. Qb5+ Kf8 12. Qb3 Kg7 13. f4 Rb8 14. Bxe6 fxe6 15. Qh3 h5 16. f5 exf5 17. exf5 g5 18. Nc4 d5 19. Ne5 Bf6 20. Ng6 Rh6 21. Qg3 h4 22. Nxh4 Rh5 23. Nf3 Qd8 24. h4 c4 25. hxg5 Be7 26. f6+ 1-0